000 01120cam a2200289 a 4500
001 14615025
003 OSt
005 20250320110837.0
008 061030s2007 nyuab b 001 0 eng
010 _a 2006052250
020 _a9780061137921
040 _aDLC
_cDLC
_dDLC
050 0 0 _aQE721.2.E97
_bW384 2007
082 0 0 _a577.276
_222
100 1 _aWard, Peter D.
_q(Peter Douglas),
_d1949-
_9114
245 1 0 _aUnder a green sky :
_bglobal warming, the mass extinctions of the past, and what they can tell us about our future /
_cPeter D. Ward.
250 _a1st Smithsonian Books ed.
260 _aNew York, NY :
_bSmithsonian Books/Collins,
_cc2007.
300 _axiv, 242 p. :
_bill., maps ;
_c24 cm.
504 _aIncludes bibliographical references and index.
650 0 _aExtinction (Biology)
_9115
650 0 _aPaleoclimatology.
_9116
650 0 _aGlobal warming.
_9117
856 4 2 _3Contributor biographical information
_uhttp://www.loc.gov/catdir/enhancements/fy0911/2006052250-b.html
856 4 2 _3Publisher description
_uhttp://www.loc.gov/catdir/enhancements/fy0911/2006052250-d.html
942 _2ddc
_cBK
999 _c35
_d35